<?xml version='1.0' encoding='UTF-8'?><?xml-stylesheet href='static/style.xsl' type='text/xsl'?><OAI-PMH xmlns="http://www.openarchives.org/OAI/2.0/" xmlns:xsi="http://www.w3.org/2001/XMLSchema-instance" xsi:schemaLocation="http://www.openarchives.org/OAI/2.0/ http://www.openarchives.org/OAI/2.0/OAI-PMH.xsd"><responseDate>2026-04-30T22:31:00Z</responseDate><request verb="GetRecord" identifier="oai:ebiltegia.mondragon.edu:20.500.11984/3943" metadataPrefix="marc">https://ebiltegia.mondragon.edu/oai/request</request><GetRecord><record><header><identifier>oai:ebiltegia.mondragon.edu:20.500.11984/3943</identifier><datestamp>2024-01-04T21:56:52Z</datestamp><setSpec>com_20.500.11984_1736</setSpec><setSpec>com_20.500.11984_1627</setSpec><setSpec>col_20.500.11984_1972</setSpec></header><metadata><record xmlns="http://www.loc.gov/MARC21/slim" xmlns:dcterms="http://purl.org/dc/terms/" xmlns:xsi="http://www.w3.org/2001/XMLSchema-instance" xmlns:doc="http://www.lyncode.com/xoai" xsi:schemaLocation="http://www.loc.gov/MARC21/slim http://www.loc.gov/standards/marcxml/schema/MARC21slim.xsd">
   <leader>00925njm 22002777a 4500</leader>
   <datafield ind2=" " ind1=" " tag="042">
      <subfield code="a">dc</subfield>
   </datafield>
   <datafield ind2=" " ind1=" " tag="720">
      <subfield code="a">Mondragon Unibertsitatea</subfield>
      <subfield code="e">author</subfield>
   </datafield>
   <datafield ind2=" " ind1=" " tag="260">
      <subfield code="c">2014-06-23</subfield>
   </datafield>
   <datafield ind2=" " ind1=" " tag="520">
      <subfield code="a">Mondragon Unibertsitateko Humanitate eta Hezkuntza Zientzien Fakultateko Hazitegi taldeak egun erdiko jardunaldia antolatu du hurrengo ekainaren 25erako. Jardunaldiaren xedea da hausnartzea ikastetxeetako kanpo espazioetaz eta horiek duten garrantzia umearen ikaskuntzan. Gainera, ekitaldia baliatuko da jendaurrean aurkezteko ikerlari talde horrek, Gipuzkoako Foru Aldundiaren laguntzarekin, zortzi ikastetxetan egin duten hausnarketa prozesua eta azaltzeko ikastetxe horietarako proposatu dituzten hobekuntzak. Jardunaldia egingo da Eskoriatzako campusean.</subfield>
   </datafield>
   <datafield ind2=" " ind1=" " tag="520">
      <subfield code="a">Organizado por el grupo de investigación Hazitegi de la Facultad de Humanidades y Ciencias de la Educación de Mondragon Unbertsitatea, se celebrará el próximo 25 de junio, una jornada para reflexionar sobre la importancia de los espacios exteriores en el aprendizaje infantil. El encuentro se llevará a cabo en el campus de Eskoriatza.</subfield>
   </datafield>
   <datafield ind1="8" ind2=" " tag="024">
      <subfield code="a">https://hdl.handle.net/20.500.11984/3943</subfield>
   </datafield>
   <datafield tag="653" ind2=" " ind1=" ">
      <subfield code="a">Humanitate eta Hezkuntza Zientzien Fakultatea</subfield>
   </datafield>
   <datafield ind2="0" ind1="0" tag="245">
      <subfield code="a">Umeen ikaskuntzan ikastetxeko kanpo espazioek duten garrantziaz hausnartzeko, jardunaldia ekainaren 25ean</subfield>
   </datafield>
   <datafield ind2="0" ind1="0" tag="245">
      <subfield code="a">El 25 de junio, jornada para reflexionar sobre la importancia de los espacios exteriores en el aprendizaje infantil</subfield>
   </datafield>
</record></metadata></record></GetRecord></OAI-PMH>